[Event "16. Torneo Aficionados Benidorm s-2300"]
[Site "Benidorm ESP"]
[Date "2017.12.08"]
[Round "9.9"]
[White "Exposito Amaro, Josue"]
[Black "Serna Lara, Sergio"]
[Result "0-1"]
[WhiteElo "2263"]
[BlackElo "2224"]
[PlyCount "128"]
[EventDate "2017.12.01"]
[EventType "swiss"]
[EventRounds "10"]
[EventCountry "ESP"]
[SourceTitle "Ajedrez en Madrid"]
[Source "lmi"]
[SourceDate "2017.12.01"]
[SourceVersion "1"]
[SourceVersionDate "2018.01.25"]
[SourceQuality "1"]

1. e4 e6 2. Nc3 d5 3. Nf3 d4 4. Ne2 c5 5. c3 Nf6 6. e5 Nfd7 7. cxd4 cxd4 8.
Nexd4 Nxe5 9. Bb5+ Nec6 10. O-O Be7 11. Nxc6 Nxc6 12. Ne5 Bd7 13. Bxc6 Bxc6 14.
Nxc6 bxc6 15. d4 O-O 16. Be3 Qd5 17. Qc2 Rfc8 18. a3 a5 19. Rfd1 Rab8 20. Rac1
h6 21. Rd3 Qa2 22. Rd2 Rb5 23. h3 Qd5 24. Rd3 Qa2 25. Rd2 Qd5 26. Qd3 Rcb8 27.
Rcc2 R8b6 28. Qf1 Rb8 29. Qd1 Rb3 30. Bf4 Bd6 31. Bxd6 Qxd6 32. Qc1 R8b6 33.
Rc5 R3b5 34. Qc3 Qb8 35. g3 Rxb2 36. Rxb2 Rxb2 37. Rxc6 Rb1+ 38. Kg2 Qb3 39.
Rc8+ Kh7 40. Qd2 Qb7+ 41. f3 g6 42. Rc2 Rb3 43. Qf4 Rb2 44. Qd2 Rxc2 45. Qxc2
Qd5 46. Kf2 Qxd4+ 47. Kg2 a4 48. h4 h5 49. Kh2 Kg7 50. Kg2 e5 51. Kh2 Qb6 52.
Qxa4 Qf2+ 53. Kh3 Qf1+ 54. Kh2 Qf2+ 55. Kh3 Qxf3 56. Kh2 e4 57. Qd4+ Kh7 58.
Qd5 Qf2+ 59. Kh3 Qf1+ 60. Kh2 Qf2+ 61. Kh3 e3 62. Qg2 Qd2 63. Qf3 Kg7 64. g4
hxg4+ 0-1

[Event "16. Torneo Aficionados Benidorm s-2300"]
[Site "Benidorm ESP"]
[Date "2017.12.08"]
[Round "9.10"]
[White "Saber, Yasser"]
[Black "Gonzalez Martinez, Miguel Angel"]
[Result "1-0"]
[WhiteElo "2248"]
[BlackElo "2082"]
[PlyCount "61"]
[EventDate "2017.12.01"]
[EventType "swiss"]
[EventRounds "10"]
[EventCountry "ESP"]
[SourceTitle "Ajedrez en Madrid"]
[Source "lmi"]
[SourceDate "2017.12.01"]
[SourceVersion "1"]
[SourceVersionDate "2018.01.25"]
[SourceQuality "1"]

1. d3 g6 2. g3 Bg7 3. Bg2 e5 4. Nf3 Nc6 5. e4 Nge7 6. O-O O-O 7. c3 d5 8. Qc2
Bg4 9. h3 Bxf3 10. Bxf3 dxe4 11. dxe4 Qd7 12. Kg2 Rad8 13. Na3 h5 14. Be3 Qe6
15. Be2 Nc8 16. Qb3 Qxb3 17. axb3 a6 18. Nc4 Rfe8 19. Rad1 Bf8 20. b4 Be7 21.
f3 f6 22. Bg1 Nb8 23. f4 Rxd1 24. Bxd1 exf4 25. gxf4 b5 26. Ne3 c5 27. bxc5
Bxc5 28. Nd5 Bxg1 29. Nxf6+ Kf7 30. Nxe8 Bb6 31. f5 1-0

[Event "16. Torneo Aficionados Benidorm s-2300"]
[Site "Benidorm ESP"]
[Date "2017.12.08"]
[Round "9.11"]
[White "Levay, Sorin"]
[Black "Serra Pages, Jordi"]
[Result "1/2-1/2"]
[WhiteElo "2196"]
[BlackElo "2238"]
[PlyCount "65"]
[EventDate "2017.12.01"]
[EventType "swiss"]
[EventRounds "10"]
[EventCountry "ESP"]
[SourceTitle "Ajedrez en Madrid"]
[Source "lmi"]
[SourceDate "2017.12.01"]
[SourceVersion "1"]
[SourceVersionDate "2018.01.25"]
[SourceQuality "1"]

1. e4 e5 2. Nf3 Nc6 3. Nc3 Nf6 4. a3 d5 5. Bb5 d4 6. Ne2 Bd6 7. Bxc6+ bxc6 8.
d3 Bg4 9. Ng3 Nh5 10. h3 Nxg3 11. fxg3 Bxf3 12. Qxf3 O-O 13. g4 Be7 14. O-O Bg5
15. Qg3 Bxc1 16. Raxc1 Qd6 17. Rf5 Rab8 18. Qxe5 Rxb2 19. Qxd6 cxd6 20. Ra5 Ra8
21. Kf1 Kf8 22. Ke2 a6 23. Kd2 Rb5 24. Ra4 c5 25. Rf1 Ke7 26. Rf5 Ke6 27. Rh5
h6 28. Rf5 Rb1 29. Rf2 g6 30. Ra5 Rb5 31. Ra4 Rb1 32. Ra5 Rb5 33. Ra4 1/2-1/2

[Event "16. Torneo Aficionados Benidorm s-2300"]
[Site "Benidorm ESP"]
[Date "2017.12.09"]
[Round "10.1"]
[White "Yuksel, Atilla Koksal"]
[Black "Gajic, Mladen"]
[Result "1/2-1/2"]
[WhiteElo "2184"]
[BlackElo "2300"]
[PlyCount "260"]
[EventDate "2017.12.01"]
[EventType "swiss"]
[EventRounds "10"]
[EventCountry "ESP"]
[SourceTitle "Ajedrez en Madrid"]
[Source "lmi"]
[SourceDate "2017.12.01"]
[SourceVersion "1"]
[SourceVersionDate "2018.01.25"]
[SourceQuality "1"]

1. e4 g6 2. d4 Bg7 3. Nc3 d6 4. h3 a6 5. a4 b6 6. Nf3 e6 7. Bf4 Ne7 8. Qd2 h6
9. h4 Nd7 10. Bd3 Bb7 11. O-O Nc6 12. Be3 e5 13. d5 Ne7 14. Nh2 f5 15. f4 fxe4
16. Bxe4 Nf6 17. fxe5 dxe5 18. Rxf6 Bxf6 19. d6 Bxe4 20. Nxe4 Bxh4 21. dxe7
Qxd2 22. Bxd2 Bxe7 23. Ng4 O-O-O 24. Bc3 Bb4 25. Bxb4 Rd4 26. Bc3 Rxe4 27. Nxe5
Re8 28. Nd3 Rc4 29. a5 b5 30. Re1 Rxe1+ 31. Nxe1 Kb7 32. Bd2 g5 33. b3 Re4 34.
Kf2 c5 35. Kf3 Re6 36. Nd3 g4+ 37. Kf2 Kc6 38. Be3 c4 39. Nb4+ Kb7 40. Nd5 Re5
41. Nb4 h5 42. Na2 h4 43. Nc1 h3 44. gxh3 gxh3 45. Ne2 cxb3 46. cxb3 b4 47. Bf4
Rxa5 48. Nd4 Ra2+ 49. Kg1 Rg2+ 50. Kh1 Rb2 51. Bd6 a5 52. Bc5 Ra2 53. Kg1 Kc7
54. Kh1 Kd7 55. Kg1 Kc7 56. Kh1 Rg2 57. Be7 Rb2 58. Bc5 Rd2 59. Kg1 Kd7 60. Kh1
Ke8 61. Bb6 Kf7 62. Nf3 Rd5 63. Nd4 Rh5 64. Kh2 Kg6 65. Nc6 a4 66. bxa4 b3 67.
Bd4 Rh4 68. Bb2 Rxa4 69. Kxh3 Ra2 70. Ne5+ Kf5 71. Nc4 Ke4 72. Bf6 Ra6 73. Bg7
Rg6 74. Bb2 Rh6+ 75. Kg3 Kd3 76. Na5 Rg6+ 77. Kf3 Kc2 78. Be5 Rg5 79. Kf4 Rg8
80. Nxb3 Kxb3 81. Bd6 Kc4 82. Ke4 Rg1 83. Bf4 Rf1 84. Be3 Rf7 85. Bf4 Rf8 86.
Be3 Re8+ 87. Kf3 Kd3 88. Bb6 Re6 89. Ba7 Rg6 90. Bc5 Rf6+ 91. Kg2 Ke2 92. Bg1
Rg6+ 93. Kh1 Kf1 94. Bh2 Kf2 95. Bc7 Rg5 96. Bd6 Rh5+ 97. Bh2 Kf3 98. Kg1 Rg5+
99. Kh1 Kg4 100. Kg2 Kh4+ 101. Kh1 Kh3 102. Bg1 Rg2 103. Bb6 Rh2+ 104. Kg1 Rb2
105. Bc5 Rc2 106. Bd4 Rg2+ 107. Kh1 Kg3 108. Be5+ Kf2 109. Bd4+ Kf3 110. Bb6
Rg6 111. Bg1 Kg3 112. Bh2+ Kf2 113. Bc7 Rg5 114. Bb6+ Kf1 115. Bc7 Rg1+ 116.
Kh2 Rg7 117. Bd6 Rh7+ 118. Kg3 Rd7 119. Bf4 Rd3+ 120. Kg4 Kg2 121. Be5 Rb3 122.
Bf4 Rb4 123. Kf5 Kf3 124. Bd6 Re4 125. Be5 Re2 126. Bd6 Re8 127. Bc5 Ra8 128.
Bd6 Ra5+ 129. Be5 Rb5 130. Ke6 Ke4 1/2-1/2